| 000 | 00539nam a2200181 a 4500 | ||
|---|---|---|---|
| 001 | 10422 | ||
| 005 | 20180713194508.0 | ||
| 008 | 140415s1990 mx 000 0 spa d | ||
| 041 | _aspa | ||
| 082 |
_a658.478 _bFIN |
||
| 100 | 1 | _aFINE, LEONARD H. | |
| 245 | 1 | 0 |
_aSEGURIDAD EN CENTROS DE COMPUTO : _bPOLITICAS Y PROCEDIMIENTOS |
| 250 | _a2a ed. | ||
| 260 |
_aMEXICO : _bTRILLAS, _c1990 |
||
| 300 | _a130 | ||
| 650 | 1 | 4 | _aSISTEMAS DE ALMACENAMIENTO Y RECUPERACION DE INFORMACION |
| 700 | 1 |
_aALDRETE BERNAL, FERNANDO _etr. |
|
| 999 |
_c10422 _d10422 |
||